Music Quiz

Random Music or Artist Quiz

Solo Artists of the Last 25 Years Quiz Stats

Quiz Updated Jan 2, 2018

Challenge
Share
Tweet
Score 0/26 Timer 08:00
11 Plays Today
% Correct
Bruno Mars
92.8%
Pink
92.6%
Justin Timberlake
91.6%
Lady Gaga
91.4%
Taylor Swift
91.4%
Britney Spears
89.9%
Ed Sheeran
89.4%
Rihanna
89.4%
Ariana Grande
88.1%
Jay Z
84.6%
Sam Smith
82.7%
Alicia Keys
72.9%
Kelly Clarkson
72.6%
% Correct
Zayn Malik
69.8%
Puff Daddy
67.2%
The Notorious B.I.G.
63.7%
Adam Lambert
57.8%
Dr. Dre
53.8%
Akon
39.9%
Lauryn Hill
39.2%
Jewel
37%
SZA
25.2%
Fetty Wap
24.7%
Toni Braxton
23.2%
Colbie Caillat
20.6%
2 Chainz
18%

You're not logged in!

Compare scores with friends on all Sporcle quizzes.
Sign Up with Email
OR
Log In

You Might Also Like...

Show Comments

Extras

Top Quizzes Today


Score Distribution

Your Account Isn't Verified!

In order to create a playlist on Sporcle, you need to verify the email address you used during registration. Go to your Sporcle Settings to finish the process.

Report this User

Report this user for behavior that violates our Community Guidelines.

Details: